|
|
|
|
| LEADER |
00000nam0a2200000 4500 |
| 001 |
322673 |
| 005 |
20250415174955.0 |
| 035 |
|
|
|a (RuTPU)RU\TPU\book\348232
|
| 035 |
|
|
|a RU\TPU\book\292557
|
| 090 |
|
|
|a 322673
|
| 100 |
|
|
|a 20161001d1974 k y0rusy50 ca
|
| 101 |
0 |
|
|a rus
|
| 102 |
|
|
|a RU
|
| 105 |
|
|
|a a z 001zy
|
| 200 |
1 |
|
|a Вопросы мелиоративной гидрогеологии
|e [сборник научных трудов]
|f Всесоюзный научно-исследовательский институт гидрогеологии и инженерной геологии (ВСЕГИНГЕО) ; под ред. П. А. Киселева
|
| 210 |
|
|
|a Москва
|c Изд-во ВСЕГИНГЕО
|d 1974
|
| 215 |
|
|
|a 111 с.
|c ил.
|
| 225 |
1 |
|
|a Труды Всесоюзного научно-исследовательского института гидрогеологии и инженерной геологии (ВСЕГИНГЕО)
|v Вып. 67
|
| 320 |
|
|
|a Библиография в конце статей
|
| 500 |
1 |
0 |
|a Труды Всесоюзного научно-исследовательского института гидрогеологии и инженерной геологии
|9 88877
|
| 606 |
1 |
|
|a Мелиоративная гидрогеология
|2 stltpush
|3 (RuTPU)RU\TPU\subj\42031
|9 61791
|
| 610 |
1 |
|
|a фильтрация
|
| 610 |
1 |
|
|a породы
|
| 610 |
1 |
|
|a орошение
|
| 610 |
1 |
|
|a солевой баланс
|
| 610 |
1 |
|
|a аэрация
|
| 610 |
1 |
|
|a ирригация
|
| 610 |
1 |
|
|a подземные воды
|
| 675 |
|
|
|a 556.3
|v 4
|
| 702 |
|
1 |
|a Киселев
|b П. А.
|4 340
|
| 712 |
0 |
2 |
|a Всесоюзный научно-исследовательский институт гидрогеологии и инженерной геологии (ВСЕГИНГЕО)
|c (пос. Зеленый, Московская область)
|3 (RuTPU)RU\TPU\col\2061
|
| 801 |
|
1 |
|a RU
|b 63413507
|c 20140917
|
| 801 |
|
2 |
|a RU
|b 63413507
|c 20171110
|g RCR
|
| 850 |
|
|
|a 63413507
|
| 942 |
|
|
|c BK
|